[Event "2nd Asia-ch"]
[Site "Udaipur IND"]
[Date "2000.01.10"]
[Round "1.5"]
[White "Barua, Dibyendu"]
[Black "Prakash, G. B."]
[Result "1/2-1/2"]
[WhiteElo "2555"]
[BlackElo "2435"]
[EventDate "2000.01.10"]
[PlyCount "59"]

1.e4 c6 2.d4 d5 3.exd5 cxd5 4.c4 Nf6 5.Nc3 e6 6.Nf3 Bb4 7.cxd5 Nxd5 8.Bd2 
Nc6 9.Bd3 Be7 10.a3 Bf6 11.O-O O-O 12.Qe2 Nxd4 13.Nxd4 Bxd4 14.Bxh7+ Kxh7 
15.Qd3+ Kg8 16.Qxd4 Nxc3 17.Qxc3 Bd7 18.Rad1 Qe8 19.Qc7 Bc6 20.Bc3 f6 21.
Qg3 Rd8 22.f4 Rxd1 23.Rxd1 Qh5 24.Re1 Qc5+ 25.Kh1 Qb5 26.Bb4 Re8 27.h3 a6 
28.Kh2 Kf7 29.Re3 Qf5 30.Qg4 1/2-1/2

[Event "2nd Asia-ch"]
[Site "Udaipur IND"]
[Date "2000.01.11"]
[Round "2.1"]
[White "Isaev, Jamshed"]
[Black "Peng Xiaomin"]
[Result "1/2-1/2"]
[WhiteElo "2425"]
[BlackElo "2624"]
[EventDate "2000.01.10"]
[PlyCount "69"]

1.e4 e5 2.Nf3 Nc6 3.Bb5 a6 4.Ba4 Nf6 5.d4 exd4 6.O-O Be7 7.Re1 b5 8.Bb3 d6
9.Bd5 Bb7 10.Nxd4 Nxd5 11.Nxc6 Bxc6 12.exd5 Bb7 13.a4 Qd7 14.axb5 axb5 15.
Rxa8+ Bxa8 16.Nc3 O-O 17.Nxb5 Bf6 18.c4 c6 19.Nc3 Bxc3 20.bxc3 cxd5 21.
cxd5 Qb5 22.Bf4 Qxd5 23.Qxd5 Bxd5 24.Bxd6 Rc8 25.Bb4 Be6 26.f3 h5 27.Kf2 
Ra8 28.Re2 Ra2 29.Rxa2 Bxa2 30.Ke3 f6 31.Kd4 Kf7 32.c4 Ke6 33.g4 hxg4 34.
fxg4 g5 35.Bc3 1/2-1/2

[Event "2nd Asia-ch"]
[Site "Udaipur IND"]
[Date "2000.01.11"]
[Round "2.2"]
[White "Wang Zili"]
[Black "Kaiumov, Dmitry"]
[Result "1/2-1/2"]
[WhiteElo "2571"]
[BlackElo "2475"]
[EventDate "2000.01.10"]
[PlyCount "62"]

1.e4 e5 2.Nf3 Nc6 3.Bb5 a6 4.Ba4 Nf6 5.O-O Be7 6.Re1 b5 7.Bb3 d6 8.c3 O-O 
9.d3 h6 10.Nbd2 Re8 11.Nf1 Bf8 12.Ne3 Na5 13.Bc2 c5 14.h3 Bb7 15.Nh2 d5 
16.Qf3 c4 17.Nhg4 cxd3 18.Nxf6+ Qxf6 19.Qxf6 gxf6 20.Bxd3 dxe4 21.Bc2 Rad8
22.Kf1 b4 23.Ng4 Re6 24.cxb4 Bxb4 25.Nxh6+ Kf8 26.Re2 Bd5 27.a3 Nb3 28.
Bxb3 Bxb3 29.Be3 Ba5 30.Kg1 Rc6 31.Nf5 Bb6 1/2-1/2

[Event "2nd Asia-ch"]
[Site "Udaipur IND"]
[Date "2000.01.11"]
[Round "2.3"]
[White "Djao Thien Hai"]
[Black "Babu, N. Sudhakar"]
[Result "1-0"]
[WhiteElo "2550"]
[BlackElo "2335"]
[EventDate "2000.01.10"]
[PlyCount "69"]

1.d4 f5 2.Nc3 Nf6 3.Bg5 d5 4.Qd2 c6 5.f3 Be6 6.e3 Nbd7 7.Bd3 Nb6 8.Nge2 
Qd7 9.O-O h6 10.Bf4 Bf7 11.e4 e6 12.exd5 exd5 13.Ng3 g6 14.Rfe1+ Kd8 15.b3
Bg7 16.Nce2 Ne8 17.h4 h5 18.a4 Nc8 19.c4 Bf6 20.Be5 Ne7 21.Rad1 Bxe5 22.
dxe5 Nc7 23.Nf4 Be6 24.Nge2 Ke8 25.Nd4 Kf7 26.Nh3 Kg7 27.Qg5 c5 28.Nxe6+ 
Nxe6 29.Qf6+ Kh6 30.Ng5 Ng7 31.Nf7+ Kh7 32.Nxh8 Rxh8 33.cxd5 Nxd5 34.Qd6 
Ne8 35.Qxd7+ 1-0

[Event "2nd Asia-ch"]
[Site "Udaipur IND"]
[Date "2000.01.11"]
[Round "2.5"]
[White "Al-Hadarani, Hatim"]
[Black "Xu Jun"]
[Result "0-1"]
[WhiteElo "2350"]
[BlackElo "2578"]
[EventDate "2000.01.10"]
[PlyCount "67"]

1.d4 Nf6 2.Nf3 e6 3.Bg5 c5 4.Nc3 cxd4 5.Nxd4 d5 6.e4 dxe4 7.Ndb5 a6 8.
Qxd8+ Kxd8 9.O-O-O+ Bd7 10.Nxe4 Be7 11.Bxf6 gxf6 12.Nbd6 Kc7 13.Nc4 Bc6 
14.Ng3 b6 15.f3 Nd7 16.Ne2 h5 17.h4 Nc5 18.Nf4 Rag8 19.c3 b5 20.Na5 Ba8 
21.Kc2 Bd6 22.Ne2 e5 23.b4 Ne6 24.Kb3 e4 25.Rh3 exf3 26.gxf3 Rd8 27.a4 Be7
28.Rxd8 Rxd8 29.axb5 axb5 30.Kc2 Bd5 31.Nc1 Kb6 32.Nab3 Bd6 33.Nd2 Rc8 34.
Kb2 0-1

[Event "2nd Asia-ch"]
[Site "Udaipur IND"]
[Date "2000.01.11"]
[Round "2.7"]
[White "Ramesh, Ramachandran"]
[Black "Barua, Dibyendu"]
[Result "1/2-1/2"]
[WhiteElo "2443"]
[BlackElo "2555"]
[EventDate "2000.01.10"]
[PlyCount "80"]

1.e4 e5 2.Nf3 Nf6 3.Nxe5 d6 4.Nf3 Nxe4 5.d4 d5 6.Bd3 Nc6 7.O-O Be7 8.c4 
Nb4 9.Be2 dxc4 10.Bxc4 O-O 11.Nc3 Nxc3 12.bxc3 Nd5 13.Ne5 c6 14.Qf3 f6 15.
Nd3 Be6 16.Re1 Bf7 17.Nf4 Nxf4 18.Bxf7+ Rxf7 19.Bxf4 Qa5 20.Re2 Bf8 21.
Rae1 Qf5 22.Qg3 Rd8 23.Bc7 Rdd7 24.Bb8 a5 25.h3 Rfe7 26.Rxe7 Bxe7 27.a4 b5
28.axb5 cxb5 29.Qe3 h5 30.Qe2 Qd5 31.Rb1 b4 32.cxb4 axb4 33.Bf4 b3 34.Be3 
Rb7 35.Kf1 Kf7 36.Bc1 Bd6 37.Qd3 h4 38.Bb2 Qb5 39.Qxb5 Rxb5 40.Ke2 Ke6 
1/2-1/2

[Event "2nd Asia-ch"]
[Site "Udaipur IND"]
[Date "2000.01.11"]
[Round "2.8"]
[White "Prakash, G. B."]
[Black "Yuldachev, Saydali"]
[Result "0-1"]
[WhiteElo "2435"]
[BlackElo "2509"]
[EventDate "2000.01.10"]
[PlyCount "42"]

1.d4 Nf6 2.c4 d6 3.Nf3 g6 4.Nc3 Bg7 5.Bg5 O-O 6.e3 c5 7.Be2 cxd4 8.exd4 h6
9.Bh4 Bf5 10.O-O Ne4 11.Re1 g5 12.Bg3 Nc6 13.d5 Nb4 14.Qb3 Qb6 15.a3 Nxd5 
16.Qxb6 Nxb6 17.Nxe4 Bxe4 18.Nd2 Bc6 19.Rab1 Na4 20.b4 Bc3 21.Red1 f5 0-1

[Event "2nd Asia-ch"]
[Site "Udaipur IND"]
[Date "2000.01.11"]
[Round "2.10"]
[White "Bin Sattar, Reefat"]
[Black "Wu Wenjin"]
[Result "1-0"]
[WhiteElo "2379"]
[BlackElo "2522"]
[EventDate "2000.01.10"]
[PlyCount "63"]

1.e4 c5 2.Nf3 d6 3.d4 cxd4 4.Nxd4 Nf6 5.Nc3 Nc6 6.Bc4 Qb6 7.Nb3 e6 8.Bf4 
Ne5 9.Be2 a6 10.O-O Be7 11.Kh1 Qc7 12.a4 b6 13.Bg3 Bb7 14.Nd2 O-O 15.f4 
Ned7 16.Bf3 e5 17.f5 Rfc8 18.Qe2 Bc6 19.Rfc1 Qb7 20.Bh4 b5 21.a5 b4 22.Nd5
Nxd5 23.exd5 Bb5 24.Qe4 Nf6 25.Qxb4 e4 26.Nxe4 Rc4 27.Qe1 Nxe4 28.Bxe7 
Qxe7 29.b3 Rb4 30.c4 Re8 31.cxb5 axb5 32.a6 1-0

[Event "2nd Asia-ch"]
[Site "Udaipur IND"]
[Date "2000.01.11"]
[Round "2.12"]
[White "Thipsay, Praveen Mahadeo"]
[Black "Sundararajan, Kidambi"]
[Result "1/2-1/2"]
[WhiteElo "2475"]
[BlackElo "2433"]
[EventDate "2000.01.10"]
[PlyCount "52"]

1.e4 c6 2.d4 d5 3.e5 Bf5 4.Nf3 e6 5.Be2 Ne7 6.O-O c5 7.c3 cxd4 8.cxd4 Nbc6
9.Nc3 Nc8 10.Be3 Be7 11.Ne1 O-O 12.Nd3 Nb6 13.b3 Rc8 14.Qd2 Nd7 15.Rfd1 
Qa5 16.a3 Qb6 17.Qb2 Na5 18.Rab1 Bxa3 19.Nxd5 Bxb2 20.Nxb6 Nxb6 21.Rxb2 
Nd5 22.Ra1 b6 23.Nf4 Nxf4 24.Bxf4 Rfd8 25.Be3 Rc7 26.b4 Nc4 1/2-1/2

[Event "2nd Asia-ch"]
[Site "Udaipur IND"]
[Date "2000.01.12"]
[Round "3.2"]
[White "Peng Xiaomin"]
[Black "Bin Sattar, Reefat"]
[Result "1-0"]
[WhiteElo "2624"]
[BlackElo "2379"]
[EventDate "2000.01.10"]
[PlyCount "47"]

1.e4 e6 2.d4 d5 3.e5 c5 4.c3 Nc6 5.Nf3 Bd7 6.Be2 f6 7.O-O fxe5 8.Nxe5 Nxe5
9.dxe5 Qc7 10.Re1 O-O-O 11.Bg4 Ne7 12.c4 d4 13.Nd2 Nc6 14.f4 g5 15.Ne4 h5 
16.Bxh5 gxf4 17.Bxf4 Nxe5 18.b4 Ba4 19.Qxa4 Rxh5 20.Ng3 Bh6 21.Nxh5 Bxf4 
22.Nxf4 Nf3+ 23.gxf3 Qxf4 24.Qd1 1-0

[Event "2nd Asia-ch"]
[Site "Udaipur IND"]
[Date "2000.01.12"]
[Round "3.3"]
[White "Kaiumov, Dmitry"]
[Black "Zhang Zhong"]
[Result "1/2-1/2"]
[WhiteElo "2475"]
[BlackElo "2611"]
[EventDate "2000.01.10"]
[PlyCount "61"]

1.e4 c5 2.Nf3 d6 3.d4 cxd4 4.Nxd4 Nf6 5.Nc3 a6 6.Be2 e5 7.Nb3 Be7 8.O-O 
O-O 9.Kh1 Qc7 10.a4 b6 11.Be3 Nbd7 12.f3 Rd8 13.Rf2 h6 14.Bf1 Nc5 15.Rd2 
Be6 16.Nc1 Qb7 17.b4 Ncd7 18.Nd5 Bxd5 19.exd5 Re8 20.c4 a5 21.Rb2 Qc7 22.
Rab1 Bd8 23.Na2 axb4 24.Nxb4 Nc5 25.Ra2 Nfd7 26.Nc6 Bf6 27.Bd3 Rec8 28.Bc2
e4 29.f4 Nf8 30.Rb5 Ng6 31.g3 1/2-1/2

[Event "2nd Asia-ch"]
[Site "Udaipur IND"]
[Date "2000.01.12"]
[Round "3.5"]
[White "Yuldachev, Saydali"]
[Black "Wang Zili"]
[Result "1/2-1/2"]
[WhiteElo "2509"]
[BlackElo "2571"]
[EventDate "2000.01.10"]
[PlyCount "64"]

1.e4 c5 2.Nc3 Nc6 3.f4 g6 4.Nf3 Bg7 5.Bb5 Nd4 6.O-O a6 7.Bd3 d6 8.Nd5 Bg4 
9.Be2 Bxf3 10.Bxf3 Nf6 11.Ne3 O-O 12.c3 Nxf3+ 13.Qxf3 Qd7 14.d3 Qc6 15.f5 
e6 16.g4 exf5 17.gxf5 Rfe8 18.c4 b5 19.Bd2 bxc4 20.Bc3 Nh5 21.Nd5 cxd3 22.
e5 Kh8 23.e6 Bxc3 24.bxc3 fxe6 25.fxe6 Rxe6 26.Nc7 Re4 27.Nxa8 Qxa8 28.
Rab1 Nf4 29.Rb6 Qd5 30.Rxd6 Qxd6 31.Qxe4 g5 32.Rb1 Ne2+ 1/2-1/2

[Event "2nd Asia-ch"]
[Site "Udaipur IND"]
[Date "2000.01.12"]
[Round "3.6"]
[White "Barua, Dibyendu"]
[Black "Ganguly, Surya Shekhar"]
[Result "0-1"]
[WhiteElo "2555"]
[BlackElo "2440"]
[EventDate "2000.01.10"]
[PlyCount "56"]

1.e4 e5 2.Nf3 Nc6 3.Bc4 Nf6 4.d3 Be7 5.O-O O-O 6.Bb3 d5 7.Qe2 dxe4 8.dxe4 
Nd4 9.Nxd4 Qxd4 10.Nc3 Bg4 11.Qe3 c6 12.h3 Bh5 13.g4 Bg6 14.Rd1 Qb4 15.a3 
Qa5 16.Qf3 Rad8 17.Be3 b5 18.Kg2 Nd7 19.Qg3 Nc5 20.Rxd8 Rxd8 21.Qxe5 Bd6 
22.Qg5 Nxb3 23.cxb3 f6 24.Qh4 b4 25.Ne2 bxa3 26.bxa3 Qe5 27.Rd1 Qh2+ 28.
Kf1 Bxe4 0-1

[Event "2nd Asia-ch"]
[Site "Udaipur IND"]
[Date "2000.01.12"]
[Round "3.7"]
[White "Rezaei Saravi, Reza"]
[Black "Vakhidov, Tahir"]
[Result "0-1"]
[WhiteElo "2220"]
[BlackElo "2505"]
[EventDate "2000.01.10"]
[PlyCount "66"]

1.e4 e6 2.d4 d5 3.Nc3 Nf6 4.Bg5 dxe4 5.Nxe4 Be7 6.Bxf6 gxf6 7.g3 f5 8.Nc3 
Bf6 9.Nge2 Nc6 10.d5 exd5 11.Nxd5 Bxb2 12.Bg2 O-O 13.O-O Bg7 14.Nef4 Ne7 
15.Rb1 Nxd5 16.Qxd5 c6 17.Qf3 Qc7 18.Rfe1 Bd7 19.Nh5 Rae8 20.Bh3 Qa5 21.
Rxe8 Rxe8 22.Qf4 Qe5 23.Qd2 Bc8 24.Nxg7 Qxg7 25.Qa5 Qd4 26.Re1 Rxe1+ 27.
Qxe1 Be6 28.c3 Qd6 29.Qc1 f6 30.Bg2 Bxa2 31.Qa1 Qd2 32.h4 Qc2 33.c4 Qb1+ 
0-1

[Event "2nd Asia-ch"]
[Site "Udaipur IND"]
[Date "2000.01.12"]
[Round "3.8"]
[White "Ghaem Maghami, Ehsan"]
[Black "Al-Hadarani, Hatim"]
[Result "1-0"]
[WhiteElo "2446"]
[BlackElo "2350"]
[EventDate "2000.01.10"]
[PlyCount "95"]

1.c4 g6 2.Nc3 Bg7 3.d4 c5 4.Nf3 cxd4 5.Nxd4 Nc6 6.Nc2 d6 7.e4 Nf6 8.Be2 
O-O 9.O-O b6 10.Bg5 Bb7 11.Qd2 Rc8 12.Ne3 Nd4 13.Ned5 Nxe2+ 14.Qxe2 Nxd5 
15.Nxd5 Re8 16.Rac1 h6 17.Be3 e6 18.Nc3 Qh4 19.Qd3 Red8 20.f3 Ba6 21.b3 
Be5 22.f4 Bg7 23.Qd2 Bb7 24.Bd4 Bf8 25.f5 exf5 26.exf5 g5 27.Bf2 Qg4 28.
Nd5 Bxd5 29.Qxd5 Re8 30.Rce1 Re2 31.h3 Qh5 32.Qd1 Rce8 33.f6 d5 34.Qxd5 
Bc5 35.Rxe2 Qxe2 36.Bxc5 bxc5 37.Qc6 Re3 38.Qa8+ Kh7 39.Qxa7 Kg6 40.Qxc5 
Rg3 41.Qf5+ Kh5 42.Qf2 Qe5 43.Re1 Qd6 44.c5 Qb8 45.Qe2+ Kh4 46.Qe5 Qa7 47.
Re4+ g4 48.Qxg3+ 1-0

[Event "2nd Asia-ch"]
[Site "Udaipur IND"]
[Date "2000.01.12"]
[Round "3.10"]
[White "Babu, N. Sudhakar"]
[Black "Rahman, Ziaur"]
[Result "0-1"]
[WhiteElo "2335"]
[BlackElo "2465"]
[EventDate "2000.01.10"]
[PlyCount "74"]

1.d4 e6 2.c4 b6 3.Nc3 Bb7 4.Nf3 Bb4 5.Bg5 Ne7 6.Rc1 h6 7.Bf4 O-O 8.a3 
Bxc3+ 9.Rxc3 d6 10.g4 Nd7 11.Rg1 Ng6 12.Bc1 c5 13.Bg2 d5 14.cxd5 Bxd5 15.
h4 Qb8 16.h5 Nf4 17.g5 hxg5 18.Nxg5 Nxg2+ 19.Kf1 f6 20.e4 fxg5 21.exd5 Nh4
22.Bxg5 Rxf2+ 23.Kxf2 Qh2+ 24.Ke3 Nf5+ 25.Ke4 Nd6+ 26.Kd3 exd5 27.Bd2 Ne4 
28.Kc2 Rf8 29.Rh1 Qf2 30.h6 g5 31.dxc5 d4 32.Rd3 Ne5 33.h7+ Kh8 34.Rxd4 
Qxd4 35.Bc3 Rf2+ 36.Kb1 Nxc3+ 37.bxc3 Qxd1+ 0-1

[Event "2nd Asia-ch"]
[Site "Udaipur IND"]
[Date "2000.01.12"]
[Round "3.11"]
[White "Prasad, Devaki"]
[Black "Thipsay, Praveen Mahadeo"]
[Result "1/2-1/2"]
[WhiteElo "2421"]
[BlackElo "2475"]
[EventDate "2000.01.10"]
[PlyCount "29"]

1.e4 e5 2.Nf3 Nc6 3.Bb5 a6 4.Ba4 Nf6 5.O-O Be7 6.Re1 b5 7.Bb3 O-O 8.h3 d6 
9.c3 Na5 10.Bc2 c5 11.d4 Bb7 12.Nbd2 cxd4 13.cxd4 exd4 14.Nxd4 Re8 15.Nf1 
1/2-1/2

[Event "2nd Asia-ch"]
[Site "Udaipur IND"]
[Date "2000.01.12"]
[Round "3.13"]
[White "Harikrishna, Pentala"]
[Black "Kunte, Abhijit"]
[Result "0-1"]
[WhiteElo "2354"]
[BlackElo "2487"]
[EventDate "2000.01.10"]
[PlyCount "101"]

1.c4 c5 2.Nc3 b6 3.e4 Bb7 4.g3 h5 5.Nf3 e6 6.Bg2 Nc6 7.O-O Nd4 8.d3 Ne7 9.
Bg5 d6 10.Nxd4 cxd4 11.Nb5 e5 12.f4 f6 13.fxe5 dxe5 14.Bxf6 gxf6 15.Rxf6 
Ng8 16.Re6+ Kf7 17.Rxe5 a6 18.Rxh5 Nh6 19.Qf3+ Kg7 20.Na3 Be7 21.Rf1 Rf8 
22.Qe2 Rxf1+ 23.Qxf1 Bg5 24.Nc2 Kg6 25.Qf3 Qf8 26.h4 Bc1 27.Qd1 Bxb2 28.
Rg5+ Kh7 29.Qb1 Bc3 30.Qxb6 Rb8 31.Qg6+ Kh8 32.Rh5 Bd2 33.Nxd4 Bc8 34.Nf3 
Be3+ 35.Kh2 Rb2 36.Ne1 Bd7 37.Kh1 Be8 38.Rxh6+ Bxh6 39.Qe6 Rb1 40.c5 Rxe1+
41.Kh2 Qxc5 42.Qxe8+ Kh7 43.h5 Qg5 44.d4 Re3 45.Qf7+ Bg7 46.Qf2 Bxd4 47.
Bf3 Rd3 48.Qf1 Rd2+ 49.Kh3 Rf2 50.Qd1 Qe3 51.Bg2 0-1

[Event "2nd Asia-ch"]
[Site "Udaipur IND"]
[Date "2000.01.13"]
[Round "4.3"]
[White "Zhang Zhong"]
[Black "Ganguly, Surya Shekhar"]
[Result "1/2-1/2"]
[WhiteElo "2611"]
[BlackElo "2440"]
[EventDate "2000.01.10"]
[PlyCount "44"]

1.e4 e5 2.Nf3 Nc6 3.Bb5 a6 4.Ba4 Nf6 5.d3 b5 6.Bb3 Bc5 7.a4 Rb8 8.O-O d5 
9.axb5 axb5 10.Be3 O-O 11.Nbd2 Bb7 12.Qe2 Nd4 13.Nxd4 Bxd4 14.c3 Bxe3 15.
Qxe3 Qe7 16.Ra5 Qd7 17.f4 Ra8 18.Rxa8 Bxa8 19.Nf3 exf4 20.Qxf4 Qg4 21.Qe3 
c5 22.h3 Qg3 1/2-1/2

[Event "2nd Asia-ch"]
[Site "Udaipur IND"]
[Date "2000.01.13"]
[Round "4.5"]
[White "Ramesh, Ramachandran"]
[Black "Yuldachev, Saydali"]
[Result "1/2-1/2"]
[WhiteElo "2443"]
[BlackElo "2509"]
[EventDate "2000.01.10"]
[PlyCount "103"]

1.e4 e5 2.Nf3 Nc6 3.Bb5 a6 4.Ba4 Nf6 5.O-O Be7 6.Re1 b5 7.Bb3 d6 8.c3 O-O 
9.h3 Na5 10.Bc2 c5 11.d4 Nd7 12.Nbd2 exd4 13.cxd4 Nc6 14.dxc5 dxc5 15.e5 
c4 16.b3 Nc5 17.bxc4 Nb4 18.Ba3 Nxc2 19.Qxc2 b4 20.Bb2 Qd3 21.Qd1 Qg6 22.
Re3 Nd3 23.Bd4 Nf4 24.Ne1 Nxh3+ 25.Kf1 Nf4 26.Qf3 Qh6 27.Kg1 Be6 28.c5 
Rad8 29.Nc2 f5 30.Qd1 Nxg2 31.Kxg2 f4 32.Rf3 Bf5 33.Rc1 g5 34.Rb3 g4 35.
Kg1 Bg5 36.c6 f3 37.c7 Bf4 38.Nf1 Rc8 39.Be3 Bxc2 40.Bxf4 Qh3 41.Qd5+ Kh8 
42.Ne3 Bxb3 43.axb3 Rxf4 44.Qd7 Rff8 45.Rc4 a5 46.Rf4 Rg8 47.e6 g3 48.Qd4+
Rg7 49.Qd8+ Rg8 50.Qf6+ Rg7 51.Qd8+ Rg8 52.Qd4+ 1/2-1/2

[Event "2nd Asia-ch"]
[Site "Udaipur IND"]
[Date "2000.01.13"]
[Round "4.8"]
[White "Isaev, Jamshed"]
[Black "Barua, Dibyendu"]
[Result "0-1"]
[WhiteElo "2425"]
[BlackElo "2555"]
[EventDate "2000.01.10"]
[PlyCount "64"]

1.e4 e5 2.Nf3 Nf6 3.d4 Nxe4 4.Bd3 d5 5.Nxe5 Nd7 6.Nxd7 Bxd7 7.O-O Bd6 8.c4
c6 9.cxd5 cxd5 10.Qh5 O-O 11.Qxd5 Bc6 12.Qh5 g6 13.Qh3 Ng5 14.Qg4 Ne6 15.
Bh6 Re8 16.Nc3 Nxd4 17.Rad1 Be5 18.f4 f5 19.Qg3 Qb6 20.Kh1 Bf6 21.Bc4+ Kh8
22.Rd2 Qc5 23.Qd3 Rad8 24.Bg5 Bxg5 25.fxg5 Ne6 26.Nd5 Bxd5 27.Bxd5 Nf4 28.
Qf3 Nxd5 29.Rfd1 Re5 30.h3 Ree8 31.Kh2 Qc7+ 32.g3 Re3 0-1

[Event "2nd Asia-ch"]
[Site "Udaipur IND"]
[Date "2000.01.13"]
[Round "4.10"]
[White "Kunte, Abhijit"]
[Black "Babu, N. Sudhakar"]
[Result "1/2-1/2"]
[WhiteElo "2487"]
[BlackElo "2335"]
[EventDate "2000.01.10"]
[PlyCount "77"]

1.c4 e5 2.g3 Nc6 3.Bg2 g6 4.Nc3 Bg7 5.e3 f5 6.Nge2 Nf6 7.d3 d6 8.O-O O-O 
9.Rb1 h6 10.b4 a6 11.a4 g5 12.f4 Kh8 13.Qb3 gxf4 14.exf4 Rb8 15.Nd5 Nd4 
16.Nxd4 exd4 17.b5 axb5 18.axb5 Re8 19.Nxf6 Bxf6 20.Bf3 b6 21.Qd1 Bg7 22.
Ra1 Bb7 23.Bxb7 Rxb7 24.Qf3 Rb8 25.Bd2 Qd7 26.Rfc1 d5 27.Qxd5 Qxd5 28.cxd5
Rec8 29.Re1 Rd8 30.Re7 Rxd5 31.Rxc7 Rxb5 32.Kf2 Kh7 33.Ke2 Kg6 34.Rc6+ Kf7
35.h3 h5 36.Be1 Rc5 37.Rxc5 bxc5 38.Kf3 Ke6 39.g4 1/2-1/2

[Event "2nd Asia-ch"]
[Site "Udaipur IND"]
[Date "2000.01.13"]
[Round "4.13"]
[White "Al-Hadarani, Hatim"]
[Black "Sundararajan, Kidambi"]
[Result "0-1"]
[WhiteElo "2350"]
[BlackElo "2433"]
[EventDate "2000.01.10"]
[PlyCount "154"]

1.e4 c5 2.Nf3 d6 3.Bb5+ Bd7 4.Bxd7+ Qxd7 5.O-O Nc6 6.Re1 Nf6 7.c3 e6 8.d4 
cxd4 9.cxd4 d5 10.Nc3 dxe4 11.Nxe4 Nxe4 12.Rxe4 Be7 13.Qe2 Qd5 14.Bf4 O-O 
15.a3 Rac8 16.Re1 Rfd8 17.Qe3 Qb5 18.Re2 Bf6 19.Rc2 Ne7 20.Rxc8 Rxc8 21.
Qd2 Qd5 22.Re1 Nc6 23.Rd1 Rd8 24.Be3 Na5 25.Qb4 h6 26.Rd2 Rc8 27.Re2 Rc4 
28.Qe1 Nb3 29.h3 Nxd4 30.Nxd4 Bxd4 31.b3 Rc8 32.Rd2 e5 33.Qd1 Rd8 34.Bxd4 
exd4 35.Rd3 Qc5 36.a4 Rd6 37.Qg4 Qd5 38.Qc8+ Kh7 39.Qc2 Qe4 40.Qd1 a6 41.
g3 f5 42.Qd2 a5 43.h4 f4 44.f3 Qf5 45.g4 Qe5 46.Kg2 Rd8 47.Kh3 Kg8 48.Kg2 
Rd6 49.Kh3 Qf6 50.Qd1 Rd8 51.Qd2 Rd7 52.Qd1 Qe5 53.Qd2 b5 54.axb5 Qxb5 55.
Kg2 Qe5 56.Qd1 Rd8 57.Qd2 Rd6 58.Qd1 Qf6 59.Kh3 Rd5 60.Qd2 Qe5 61.Qd1 Qd6 
62.Qd2 Qb4 63.Qd1 Qd6 64.Qd2 Qb4 65.Qxf4 Qe1 66.Qd2 Qf1+ 67.Kg3 Qg1+ 68.
Qg2 Qb1 69.Qe2 Qg1+ 70.Qg2 Qb1 71.Qe2 Qg1+ 72.Kf4 Rd8 73.Qe4 Kh8 74.Qe7 
Qh2+ 75.Kf5 Rd5+ 76.Kg6 Rd6+ 77.Kf7 Rf6+ 0-1

[Event "2nd Asia-ch"]
[Site "Udaipur IND"]
[Date "2000.01.14"]
[Round "5.2"]
[White "Djao Thien Hai"]
[Black "Wang Zili"]
[Result "1/2-1/2"]
[WhiteElo "2550"]
[BlackElo "2571"]
[EventDate "2000.01.10"]
[PlyCount "93"]

1.d4 Nf6 2.c4 c5 3.d5 b5 4.Nf3 g6 5.Qc2 Qa5+ 6.Nfd2 d6 7.e4 bxc4 8.Nc3 Ba6
9.Nxc4 Bxc4 10.Bxc4 Nbd7 11.O-O Bg7 12.Bd2 O-O 13.Nb5 Qd8 14.a4 Ne8 15.
Rae1 Nc7 16.Na3 Nb6 17.Bd3 e6 18.a5 Nd7 19.dxe6 Nxe6 20.f4 Nb8 21.Qa4 Nd4 
22.b4 cxb4 23.Bxb4 Nd7 24.Rc1 Nc5 25.Bxc5 dxc5 26.e5 Rb8 27.Rc4 Nb3 28.Rc3
Qxa5 29.Qxa5 Nxa5 30.Nb5 g5 31.g3 gxf4 32.gxf4 Rfd8 33.Ra1 a6 34.Nc7 Rb3 
35.Ra3 Rxc3 36.Rxc3 Rd4 37.Ne8 Rd8 38.Nxg7 Kxg7 39.Kf2 Nc6 40.Bxa6 Ne7 41.
Rg3+ Kf8 42.Bd3 Rd4 43.Ke3 Ra4 44.Kf3 Ng6 45.Be4 Ra2 46.Bxg6 hxg6 47.h4 
1/2-1/2

[Event "2nd Asia-ch"]
[Site "Udaipur IND"]
[Date "2000.01.14"]
[Round "5.3"]
[White "Yuldachev, Saydali"]
[Black "Zhang Zhong"]
[Result "0-1"]
[WhiteElo "2509"]
[BlackElo "2611"]
[EventDate "2000.01.10"]
[PlyCount "102"]

1.e4 e6 2.d3 d5 3.Qe2 Nf6 4.Nf3 Be7 5.g3 c5 6.Bg2 Nc6 7.O-O b6 8.e5 Nd7 9.
c4 d4 10.h4 Bb7 11.Re1 Qc7 12.Bf4 h6 13.Nbd2 Nf8 14.Ne4 Ng6 15.Bd2 Ngxe5 
16.Nxe5 Qxe5 17.Qg4 h5 18.Qf3 Qc7 19.a3 Ne5 20.Qe2 Ng4 21.b4 O-O 22.bxc5 
bxc5 23.Rab1 Bc6 24.f3 Nf6 25.Bf4 Qd8 26.Ng5 Qc8 27.Rb2 Re8 28.Reb1 Nd7 
29.Bh3 Bf8 30.Bd2 g6 31.f4 Qc7 32.Bg2 Rab8 33.Be4 Bxe4 34.Qxe4 Nf6 35.Qe5 
Qxe5 36.fxe5 Nd7 37.Rxb8 Rxb8 38.Rf1 Rb2 39.Ba5 Nxe5 40.Bc7 Nxd3 41.Rxf7 
Rb7 42.Rf3 Rxc7 43.Nxe6 Rf7 44.Rxd3 Rf6 45.Nf4 Rb6 46.Kg2 Rb2+ 47.Kf3 Rc2 
48.Nxg6 Bd6 49.Ke4 Rxc4 50.Rb3 d3+ 51.Kxd3 Rd4+ 0-1

[Event "2nd Asia-ch"]
[Site "Udaipur IND"]
[Date "2000.01.14"]
[Round "5.7"]
[White "Bin Sattar, Reefat"]
[Black "Barua, Dibyendu"]
[Result "1/2-1/2"]
[WhiteElo "2379"]
[BlackElo "2555"]
[EventDate "2000.01.10"]
[PlyCount "47"]

1.e4 e5 2.Nf3 d6 3.d4 Nd7 4.Bc4 c6 5.O-O Be7 6.dxe5 dxe5 7.Ng5 Bxg5 8.Qh5 
Qe7 9.Bxg5 Ngf6 10.Qh4 O-O 11.Nd2 b6 12.Be3 b5 13.Bb3 Nc5 14.f4 exf4 15.
Rxf4 Nxb3 16.axb3 Qe5 17.Nf3 Qh5 18.Bd4 Qxh4 19.Nxh4 Nh5 20.Rff1 Re8 21.
Rfe1 a6 22.Nf5 Bxf5 23.exf5 Nf4 24.Be5 1/2-1/2

[Event "2nd Asia-ch"]
[Site "Udaipur IND"]
[Date "2000.01.14"]
[Round "5.8"]
[White "Sundararajan, Kidambi"]
[Black "Rahman, Ziaur"]
[Result "0-1"]
[WhiteElo "2433"]
[BlackElo "2465"]
[EventDate "2000.01.10"]
[PlyCount "80"]

1.d4 e6 2.c4 b6 3.e4 Bb7 4.Nc3 Bb4 5.f3 Ne7 6.Bd3 Nbc6 7.Ne2 Bxc3+ 8.bxc3 
d6 9.O-O Qd7 10.Be3 O-O-O 11.Nc1 f5 12.Nb3 Rdf8 13.a4 f4 14.Bf2 g5 15.a5 
Rhg8 16.axb6 axb6 17.Qe2 g4 18.fxg4 e5 19.c5 Rxg4 20.Qf3 exd4 21.cxd4 dxc5
22.Ba6 Rfg8 23.Bxb7+ Kxb7 24.Nxc5+ bxc5 25.Qa3 Rxg2+ 26.Kh1 Na5 27.Qxa5 
Qc6 28.Qa7+ Kc8 29.Qa8+ Qxa8 30.Rxa8+ Kd7 31.Rxg8 Rxg8 32.dxc5 Ke6 33.Bh4 
Ng6 34.Bg5 Ke5 35.h4 h5 36.Rd1 Kxe4 37.c6 Kf3 38.Rd7 Re8 39.Rxc7 Re1+ 40.
Kh2 Ne5 0-1

[Event "2nd Asia-ch"]
[Site "Udaipur IND"]
[Date "2000.01.14"]
[Round "5.11"]
[White "Prasad, Devaki"]
[Black "Kunte, Abhijit"]
[Result "1/2-1/2"]
[WhiteElo "2421"]
[BlackElo "2487"]
[EventDate "2000.01.10"]
[PlyCount "42"]

1.d4 d5 2.c4 e6 3.Nc3 Nf6 4.cxd5 exd5 5.Bg5 c6 6.Qc2 Be7 7.e3 Nbd7 8.Bd3 
Nf8 9.Nf3 Ne6 10.Bh4 g6 11.O-O Ng7 12.Rfe1 O-O 13.a3 Bf5 14.b4 Bxd3 15.
Qxd3 a6 16.Bg3 Nf5 17.Rab1 Nd6 18.Bxd6 Bxd6 19.h3 Rc8 20.Re2 Ne4 21.Rc2 
Qe7 1/2-1/2

[Event "2nd Asia-ch"]
[Site "Udaipur IND"]
[Date "2000.01.14"]
[Round "5.13"]
[White "Rezaei Saravi, Reza"]
[Black "Reilly, Tim"]
[Result "0-1"]
[WhiteElo "2220"]
[BlackElo "2192"]
[EventDate "2000.01.10"]
[PlyCount "64"]

1.e4 d6 2.d4 Nf6 3.Nc3 g6 4.f4 Bg7 5.Nf3 O-O 6.Bd3 Na6 7.O-O c5 8.d5 Bg4 
9.Qe1 Nb4 10.a3 Nxd3 11.cxd3 Qa5 12.Nd2 Qa6 13.a4 Qxd3 14.Ra3 Nh5 15.Nb5 
Qe2 16.h3 Nxf4 17.Qg3 Qxd2 18.Bxd2 Ne2+ 19.Kf2 Nxg3 20.Rxg3 Bd7 21.Bc3 Bh6
22.Be1 f5 23.exf5 Rxf5+ 24.Kg1 Rxf1+ 25.Kxf1 a6 26.Nc3 b5 27.b3 b4 28.Nd1 
Rf8+ 29.Ke2 Rf5 30.Ne3 Re5 31.Bd2 Bf5 32.Kd1 Bxe3 0-1

[Event "2nd Asia-ch"]
[Site "Udaipur IND"]
[Date "2000.01.16"]
[Round "6.4"]
[White "Ganguly, Surya Shekhar"]
[Black "Peng Xiaomin"]
[Result "0-1"]
[WhiteElo "2440"]
[BlackElo "2624"]
[EventDate "2000.01.10"]
[PlyCount "65"]

1.e4 e5 2.Nf3 Nc6 3.d4 exd4 4.Nxd4 Bc5 5.Be3 Qf6 6.c3 Nge7 7.Bc4 Ne5 8.Be2
Qg6 9.O-O d6 10.Kh1 O-O 11.f3 d5 12.Nf5 Nxf5 13.exf5 Qd6 14.Bxc5 Qxc5 15.
f6 g6 16.Nd2 Nd7 17.c4 Nxf6 18.Rc1 c6 19.cxd5 Qxd5 20.Bc4 Qd6 21.Ne4 Nxe4 
22.fxe4 Qe7 23.Qb3 c5 24.Bd3 Be6 25.Qc3 Rad8 26.a3 Qg5 27.Rf3 h5 28.Rg3 
Qh6 29.h3 Rd4 30.Re1 Rfd8 31.Ree3 Bc4 32.Bc2 h4 33.Rgf3 0-1

[Event "2nd Asia-ch"]
[Site "Udaipur IND"]
[Date "2000.01.16"]
[Round "6.7"]
[White "Bin Sattar, Reefat"]
[Black "Ghaem Maghami, Ehsan"]
[Result "1/2-1/2"]
[WhiteElo "2379"]
[BlackElo "2446"]
[EventDate "2000.01.10"]
[PlyCount "30"]

1.e4 c5 2.Nf3 d6 3.d4 cxd4 4.Nxd4 Nf6 5.Nc3 a6 6.Bc4 e6 7.Bb3 Nbd7 8.f4 
Nc5 9.Qf3 Be7 10.Be3 Qc7 11.O-O O-O 12.g4 b5 13.g5 Nfxe4 14.Nxe4 Bb7 15.
Nxc5 dxc5 1/2-1/2

[Event "2nd Asia-ch"]
[Site "Udaipur IND"]
[Date "2000.01.16"]
[Round "6.12"]
[White "Reilly, Tim"]
[Black "Al-Hadarani, Hatim"]
[Result "0-1"]
[WhiteElo "2192"]
[BlackElo "2350"]
[EventDate "2000.01.10"]
[PlyCount "66"]

1.d4 Nf6 2.c4 c5 3.d5 d6 4.Nc3 g6 5.e4 Bg7 6.f3 O-O 7.Nge2 e6 8.Ng3 a6 9.
a4 exd5 10.cxd5 Nbd7 11.Be2 h5 12.Bg5 Qb6 13.Qd2 Nh7 14.Be3 h4 15.Nf1 f5 
16.exf5 Rxf5 17.Bd3 Ne5 18.Bxf5 Bxf5 19.Ne4 Nf6 20.a5 Qc7 21.Ra4 c4 22.
Nxf6+ Bxf6 23.Bb6 Qd7 24.Ra3 Nd3+ 25.Rxd3 Bxd3 26.Ne3 Qb5 27.Kf2 Qxb2 28.
Qxb2 Bxb2 29.Rd1 Rc8 30.Rd2 Ba3 31.Ng4 Bc5+ 32.Bxc5 Rxc5 33.Ke3 Rxa5 0-1